Akta Pencegahan Pengubahan Wang Haram dan Pencegahan Pembiayaan Keganasan 2001 (AKTA 613), Peraturan-peraturan & Perintah = (Record no. 4357)

000 -LEADER
fixed length control field nam a22 a 4500
003 - CONTROL NUMBER IDENTIFIER
control field AKMAL
005 - DATE AND TIME OF LATEST TRANSACTION
control field 20170529102213.0
008 - FIXED-LENGTH DATA ELEMENTS--GENERAL INFORMATION
fixed length control field 170529s2012 my | e l 000 0 may d
020 ## - INTERNATIONAL STANDARD BOOK NUMBER
International Standard Book Number 9789678922432 (kkt.)
Terms of availability RM 27.50
040 ## - CATALOGING SOURCE
Transcribing agency AKMAL
082 04 - DEWEY DECIMAL CLASSIFICATION NUMBER
Classification number 345.5950268 MAL
Edition number 23
090 00 - LOCALLY ASSIGNED LC-TYPE CALL NUMBER (OCLC); LOCAL CALL NUMBER (RLIN)
Classification number (OCLC) (R) ; Classification number, CALL (RLIN) (NR) 345.5950268
Local cutter number (OCLC) ; Book number/undivided call number, CALL (RLIN) MAL
110 1# - MAIN ENTRY--CORPORATE NAME
Corporate name or jurisdiction name as entry element Malaysia
9 (RLIN) 400
245 10 - TITLE STATEMENT
Title Akta Pencegahan Pengubahan Wang Haram dan Pencegahan Pembiayaan Keganasan 2001 (AKTA 613), Peraturan-peraturan & Perintah =
Remainder of title Anti-Money Laundering and Anti-Terrorism Financing Act 2001 (ACT 613), Regulations and Order : (hingga 10hb februari 2012) /
Statement of responsibility, etc. disusun oleh: Lembaga Penyelidikan Undang-Undang
246 13 - VARYING FORM OF TITLE
Title proper/short title Anti-money Laundering and Anti-terrorism Financing Act 2001 (act 613), Regulations and Order
260 ## - PUBLICATION, DISTRIBUTION, ETC.
Place of publication, distribution, etc. Petaling Jaya :
Name of publisher, distributor, etc. International Law Book Services,
Date of publication, distribution, etc. 2012
300 ## - PHYSICAL DESCRIPTION
Extent 247ms. ;
Dimensions 25cm.
490 1# - SERIES STATEMENT
Series statement Undang-undang Malaysia
546 ## - LANGUAGE NOTE
Language note Teks sejajar bahasa Malaysia dan Inggeris
650 10 - SUBJECT ADDED ENTRY--TOPICAL TERM
Topical term or geographic name entry element Money laundering
General subdivision Law and legislation
Geographic subdivision Malaysia
9 (RLIN) 8485
650 20 - SUBJECT ADDED ENTRY--TOPICAL TERM
Topical term or geographic name entry element Money
General subdivision Law and legislation
Geographic subdivision Malaysia
9 (RLIN) 8486
710 2# - ADDED ENTRY--CORPORATE NAME
Corporate name or jurisdiction name as entry element Lembaga Penyelidikan Undang-Undang
9 (RLIN) 8493
830 #0 - SERIES ADDED ENTRY--UNIFORM TITLE
Uniform title UNDANG-UNDANG MALAYSIA
9 (RLIN) 8494
942 ## - ADDED ENTRY ELEMENTS (KOHA)
Source of classification or shelving scheme
Koha item type Book
Holdings
Withdrawn status Lost status Source of classification or shelving scheme Damaged status Not for loan Collection code Home library Current library Shelving location Date acquired Inventory number Total Checkouts Full call number Barcode Date last seen Price effective from Koha item type
          NON-FICTION AKMAL Melaka AKMAL Melaka PINJAMAN 29.05.2017 306237   345.5950268 MAL 201706504 29.05.2017 29.05.2017 Book
          NON-FICTION AKMAL Melaka AKMAL Melaka PINJAMAN 29.05.2017 306236   345.5950268 MAL 201706503 29.05.2017 29.05.2017 Book
          NON-FICTION AKMAL Melaka AKMAL Melaka PINJAMAN 29.05.2017 306235   345.5950268 MAL 201706502 29.05.2017 29.05.2017 Book
Pusat Sumber Maklumat Dato' Haji Sarmin Md Hussin, Akademi Kastam Diraja Malaysia, Melaka
Tel: 06-2331106 | Faks: 06-2313787